Biblioteca

Paul and pathos (Registro nro. 65615)

Detalles MARC
000 -LÍDER
Campo fijo de descripción fija 02135nam a2200373 i 4500
001 - NÚMERO DE CONTROL
Campo de control 768714001
003 - IDENTIFICADOR DEL NÚMERO DE CONTROL
Campo de control CO-MdFUSB
005 - FECHA Y HORA DE LA ULTIMA TRANSACCIÓN
control field 20200604220351.0
007 - CAMPO FIJO DE DESCRIPCIÓN FIJA--INFORMACIÓN GENERAL
Campo fijo de descripción fija ta
008 - ELEMENTOS DE LONGITUD FIJA -- INFORMACIÓN GENERAL
Campo fijo de descripción fija -- Información general 200402t2001 -us |||| |||| 00| 0 eng d
020 ## - NÚMERO INTERNACIONAL NORMALIZADO PARA LIBROS
Número Internacional Normalizado del libro 9781589830110
040 ## - FUENTE DE CATALOGACIÓN
Agencia de catalogación original CO-MdFUSB
Idioma de catalogación spa
Agencia que realiza la transcripción CO-MdFUSB
Agencia que realiza la modificación CO-MdFUSBC
Convenciones de la descripción rda
041 ## - CÓDIGO DE IDIOMA
Código de idioma para texto/pista de sonido o título separado eng
082 ## - NÚMERO DE CLASIFICACIÓN DECIMAL DEWEY
Número de la edición del Dewey 23
Número de clasificación 227.06
Clave de autor-Numero de item P323
245 ## - TÍTULO
Título del Material Paul and pathos
Mención de responsabilidad, etc. / editado por Thomas H Olbricht , Jerry L Sumney
264 #1 - PRODUCCIÓN, PUBLICACIÓN, DISTRIBUCIÓN, MANUFACTURA, Y COPYRIGHT
Lugar de producción, publicación, distribución, manufactura Estados Unidos :
Nombre del productor, publicador, distribuidor Society of Biblical Literature,
Fecha de producción, publicación, distribución, manufactura, o copyright [2001]
264 #4 - PRODUCCIÓN, PUBLICACIÓN, DISTRIBUCIÓN, MANUFACTURA, Y COPYRIGHT
Fecha de producción, publicación, distribución, manufactura, o copyright © 2001
300 ## - DESCRIPCIÓN FÍSICA
Extensión 245 páginas
Dimensiones ; 23 cm
336 ## - TIPO DE CONTENIDO
Fuente rdacontent
Término de tipo de contenido texto
Código de tipo de contenido txt
337 ## - TIPO DE MEDIO
Fuente rdamedia
Nombre del tipo de medio sin mediación
Código del tipo de medio n
338 ## - TIPO DE SOPORTE
Fuente rdacarrier
Nombre del tipo de soporte volumen
Código Tipo de soporte nc
490 1# - MENCIÓN DE SERIE
Mención de serie Symposium series (Society of Biblical Literature),
500 ## - NOTA GENERAL
Nota General Colección Dawn Christina Harrell<br/>
505 ## - NOTA DE CONTENIDO
Nota de contenido con formato preestablecido Antecedentes y método. Pathos como prueba en la retórica grecorromana / Thomas H. Olbricht. Los afectos del alma: pathos, protréptico y predicación en el pensamiento helenístico / Carol Poster. [Pathē] en Paul: la lógica emocional del "argumento original" / Steven J. Kraftchick. -- Pathos en textos paulinos. Pathos en romanos? : en su mayoría observaciones preliminares / Leander E. Keck. "Por medio de la hipérbole" (1 Cor 12: 31b) / Lauri Thurén. Miedo a la condenación eterna: apelación pathos en 1 Corintios 15 y 16 / Anders Eriksson. El argumento de Paul del pathos en 2 Corintios / James W. Thompson. El uso de Paul de [pathos] en su argumento contra los oponentes de 2 Corinthians / Jerry L. Sumney. "A través de muchas lágrimas" (2 Cor 2: 4): la carta de duelo de Pablo y la ocasión de 2 Corintios 1-7 / David E. Fredrickson. La voz de la emoción: la persuasión patética de Pablo (Gal 4: 12-20) / Troy W. Martin.
563 ## - NOTA DE ENCUADERNACIÓN
Nota de encuadernación Rústico
630 #7 - TITULO UNIFORME
Título uniforme Biblia.
Nombre de parte o sección de la obra Epístolas Paulinas
Subdivisión de materia general Crítica, interpretación, etc.
650 #0 - ASIENTO SECUNDARIO DE MATERIA - TERMINO TEMÁTICO
9 (RLIN) 16
Término temático o nombre geográfico como elemento de entrada Biblia
700 ## - ASIENTO SECUNDARIO - NOMBRE PERSONAL
9 (RLIN) 3239
Nombre personal Olbricht, Thomas.
Responsabilidad editor
700 ## - ASIENTO SECUNDARIO - NOMBRE PERSONAL
9 (RLIN) 3240
Nombre personal Sumney, Jerry.
Responsabilidad editor
830 ## - PUNTO DE ACCESO ADICIONAL DE SERIE - TÍTULO UNIFORME
Título uniforme Symposium series (Society of Biblical Literature),
Designación de volumen o secuencia 16
942 ## - TIPO DE MATERIAL (KOHA)
Tipo de Item KOHA Libros General
945 ## - INFORMACIÓN LOCAL DEL REGISTRO
Catalogador JTF-925
Revisión registro AEM-53
Existencias
Estado de Material Estado de Perdido Forma de Clasificación Estado de Dañado No para Préstamo Colección Biblioteca de Origen Biblioteca Permanente Fecha de Adquisición Forma de Adquisición Área Total de Préstamos Signatura Topográfica Código de Barras Última vez visto Ejemplar/Existencia Fecha de Remplazo Tipo de Material
    Dewey Decimal Classification     Colección General Biblioteca FUSBC Biblioteca FUSBC 02/04/2020 Colección Dawn Christina Harrell BIBLIA   G 227.06 P323p 21330 13/10/2023 Ej.1 02/04/2020 Libros General

Biblioteca FUSBC | Teléfono: (57+4) 349 88 10 Ext. 141| WhatsApp (+57) 3005338115 
E-mail: biblioteca@unisbc.edu.co | Calle 76 87-14 Robledo Palenque, Medellín, Colombia

Con tecnología Koha